Gazi Mustafa Kemal Atatürk’ün stratejik liderliği ışığında : (Record no. 15245)

MARC details
000 -BAŞLIK
Sabit Uzunlukta Kontrol Alanı 00904nam a22002417a 4500
999 ## - SİSTEM KONTROL NUMARALARI (KOHA)
Koha Biblionumber 15245
Koha Biblioitemnumber 15245
003 - KONTROL NUMARASI IDENTIFIER
Denetim Alanı MIRAKIL
005 - SON İŞLEM TARİHİ VE ZAMANI
Denetim Alanı 20230531142731.0
008 - SABİT-BOY VERİ ELEMANLARI - GENEL BİLGİLER
Sabit Uzunlukta Kontrol Alanı 230531b tu ||||| |||| 00| 0 tur d
020 ## - ULUSLARARASI STANDART KİTAP NUMARASI
Uluslararası Standart Kitap Numarası 9786257468992
040 ## - KATALOGLAMA KAYNAK
Orijinal Kataloglama Ajansı TR-AnCHP
Metne Dönüştürmek Ajansı TR-AnCHP
082 ## - DEWEY ONLU SINIFLANDIRMA NUMARASI
Sınıflandırma Numarası 320.1
Ürün Numarası K61g 2022
100 ## - ANA GİRİŞ - KİŞİSEL İSİM
Kişisel Ad Kocaman, Musa
245 10 - BAŞLIK TABLOSU
Başlık Gazi Mustafa Kemal Atatürk’ün stratejik liderliği ışığında :
Başlığın Kalan ulusal kalkınma acil master planı/
Sorumluluk Tablosu, Vb Musa Kocaman ; İsmail Hakkı Eraslan.
246 ## - UNVAN FORM VARYING
Başlık Doğru / Kısa Başlığı ulusal kalkınma acil master planı
260 ## - YAYIN, DAĞITIM, VB
Yayın, Dağıtım, Vb Yeri İstanbul :
Yayıncı, Dağıtıcı, Vs Adı Halk Kitabevi,
Yayın, Dağıtım, Vb Tarihi 2022.
300 ## - FİZİKSEL TANIM
Kapsam 269 s.:
Boyutlar 21 sm.
504 ## - KAYNAKÇA VB NOT
Kaynakça Vb Notu Kaynakça vardır.
600 14 - KONU KATMA GİRİŞ - KURUMSAL ADI
9 (RLIN) 1465
Kişisel Ad Atatürk, Gazi Mustafa Kemal
Başlıklar Ve Bir Adla İlişkili Diğer Kelimeler Türkiye Cumhuriyeti Kurucusu
Bir Adıyla İlişkilendirilen Tarihler 1881-1938
Genel Alt Bölümü Siyaset ve yönetim
650 #0 - KONU KATMA GİRİŞ - TOPİKAL DÖNEM
9 (RLIN) 5084
Topikal Süreli Veya Coğrafi Ad Giriş Elemanı Siyaset Bilimi
Genel Alt Bölümü Türkiye
700 ## - KATMA GİRİŞ - KİŞİSEL İSİM
9 (RLIN) 7422
Kişisel Ad Eraslan, İsmail Hakkı
740 ## - KATMA GİRİŞ - KONTROLSUZ İLGİLİ / ANALİTİK BAŞLIK
Kontrol Edilmeyen / İlgili Analitik Başlıktaki ulusal kalkınma acil master planı
942 ## - EKLENDİ GİRİŞ ELEMANLARI (KOHA)
Sınıflandırma Veya Raf Düzeni Kaynak Dewey Decimal Classification
Koha Öğesi Türü Books
Holdings
Kalıcı Konum Mevcut Konum Edinme Tarihi Toplam Check-Out'Lar Tam Çağrı Numarası Barkod Tarih Son Görülme İtibaren Geçerli Fiyatlar Koha Öğesi Türü
CHP Kütüphanesi CHP Kütüphanesi 05/31/2023   320.1 K61g 2022 020838 05/31/2023 05/31/2023 Books
Parti Okulu Kütüphanesi Parti Okulu Kütüphanesi 02/27/2024   320.1 K61g 2022 21158 02/27/2024 02/27/2024 Books